Statistics for American History - Multiple Choice

Click here to take the quiz!

General Stats

  • This quiz has been taken 323 times
  • The average score is 12 of 17

Answer Stats

QuestionAnswer% Correct
Name Of 2 Major Wars That The U.S Fights In From 1950 - 1975Korean War and Vietnam War
94%
Name Of U.S President During "The Watergate Scandal"Richard Nixon
93%
The U.S Had A Period Of Time When Gold Was Discovered In Their Land. Wheir Was It Found?California and Nevada
92%
What Was The Name Of A Popular Civil War General Who Became President Of The U.S From 1869 - 1877?Ulysses S. Grant
92%
Which American Founding Father Was Commander Of The Revolutionary War?George Washington
88%
During The Civil War, The Union Army wore Blue as the color of their uniform. What was the color of the Rebel's uniform?Grey
86%
Which President Said This Quote: " Mr. Gorbachev, Tear Down This Wall!"Ronald Reagan
86%
Name Of U.S President During The Invasion Of Iraq and AfghanistanGeorge W. Bush
84%
Who Was President During The Gulf War?George H.W Bush
83%
What Is The Date That President Franklin Delano Roosevelt Is Talking About When He Asks Congress To Declare War On Japan. FDR Says This Date "Will Live In Infamy"December 7, 1941
81%
This President Was The Most Recent To Lose The Popular Election, But Win The Electoral CollegeDonald Trump
78%
Name Of U.S President When The Great Depression Breaks OutHerbert Hoover
71%
Which Year Was The Closest Ever U.S Presidental Election To Date?2000
66%
Who Was The American President When Britain Burned Down The White House in 1814James Madison
47%
Name Of Democratic Nominee For President In 1928Al Smith
42%
How Many States Were In America When William McKinley Was Elected President In 1897?45
26%
What Was The Name Of A Minor Undeclared War The U.S Fought Against France From 1798 to 1800Quasi War
26%

Score Distribution

Percentile by Number Answered

Percent of People with Each Score

Your Score History

You have not taken this quiz